000 00846nas a2200253 4500
001 BR0200248
003 BR-BrBNA
005 20231205102628.0
007 ta
008 230509b bl.|||p| |||| 00| 00por d
040 _aBR-BrBNA
_bpor
_cBiblioteca Nacional de Agricultura
041 _a(Pt)
072 _aP01; T01
100 1 _aDias, L.E.
245 1 _aFortalecimento institucional de programas ambientais e recuperação de áreas degradadas
650 _aMEIO AMBIENTE
650 _aDETERIORAÇÃO DO SOLO
650 _aBIODEGRADAÇÃO
650 _aPOLITICA AMBIENTAL
650 _aIMPACTO AMBIENTAL
773 0 _tInforme Agropecuário - Empresa de Pesquisa Agropecuária de Minas Gerais (Brazil)
_xISSN 0100-3364
_g(May-Jun 2001), v. 22(210) p. 5-9
_wBR0200248
909 _a202311
_bLúcia
_c55
_dLúcia Elande
942 _2AGRIS
_n0
_cANA
999 _c168527
_d168527